000 00543nam a2200229Ia 4500
003 OSt
005 20220928102401.0
006 a|||||r|||| 00| 0
007 ta
008 220927b |||||||| |||| 00| 0 eng d
024 _a123114
037 _cTextual
040 _aSDCL
_cSDCL
_beng
041 _2eng
_aeng
082 _aO152,3:g, L0
100 _aVarshanya
_9397982
245 0 _aHindi upanyas.
260 _c1970
300 _a156p.
_ccm.
942 _hO152,3:g, L0
_cTEXL
_2CC
999 _c713811
_d713811